Comida tipica de cada país - Estadísticas

Estadísticas generales
  • Esta prueba ha sido intentada 559 veces
  • La puntuación promedio es 4 de 23
Estadísticas de respuestas
Hint Respuesta % Correcto
Espanha Paella
77%
Mexico Tacos
77%
Japão Sushi
75%
Italia Pizza
73%
Peru Ceviche
20%
Brasil Feijoada
12%
Argentina Alfajor
6%
EUA Hamburguer
6%
Hungria Goulash
5%
Tailandia Pad Thai
5%
Portugal Pastel de Belém
4%
França Escargot
3%
Irlanda Irish Stew
2%
Chile pastel de choclo
2%
Alemanha Chucrute
1%
Árabe Kafta
1%
Líbano/Síria Quibe
1%
Russia Strogonoff
1%
China yakisoba
1%
Africa do Sul Bobotie
0%
Coreia Bulgogi
0%
india Dhal
0%
Inglaterra Pudim de Yorkshire
0%
No se encontraron pruebas coincidentes
Distribución de puntuación
Porcentaje de gente con cada puntuación
Porcentaje por número respondido
Historial de tus puntuaciones
No has intentado esta prueba.